书目信息 |
| 题名: |
刑事指导案例裁判要旨与法律依据
|
|
| 作者: | 万应君 编著 | |
| 分册: | ||
| 出版信息: | 北京 法律出版社 2014.11 |
|
| 页数: | 723页 | |
| 开本: | 26cm | |
| 丛书名: | ||
| 单 册: | ||
| 中图分类: | D925.285 | |
| 科图分类: | ||
| 主题词: | 刑事诉讼法--Xing Shi Su Song Fa--裁定--案例--中国 , 裁定--Cai Ding , 案例--An Li , 中国--Zhong Guo | |
| 电子资源: | ||
| ISBN: | 978-7-5118-7076-6 | |
| 000 | 01199nam0 22002891 450 | |
| 001 | 351006 | |
| 005 | 20161011152510.23 | |
| 010 | @a978-7-5118-7076-6@dCNY98.00 | |
| 100 | @a20141223d2014 em y0chiy50 ea | |
| 101 | 0 | @achi |
| 102 | @aCN@b110000 | |
| 105 | @ay a 000yy | |
| 106 | @ar | |
| 200 | 1 | @a刑事指导案例裁判要旨与法律依据@AXing Shi Zhi Dao An Li Cai Pan Yao Zhi Yu Fa Lv Yi Ju@dJudicial gist and legal basis for the criminal guiding cases@f万应君编著@zeng |
| 210 | @a北京@c法律出版社@d2014.11 | |
| 215 | @a723页@d26cm | |
| 320 | @a有书目 | |
| 330 | @a本书内容包括两大部分:一部分是刑事指导性案例的索引与提要,包括最高人民法院和最高人民检察院截至目前所发布的全部刑事指导案例、近年来最高人民法院公报中的刑事案例,以及《刑事审判参考》1-90集中所有案例;另一部分是我国现行的刑法典和刑事诉讼法典的完整条文。 | |
| 510 | 1 | @aJudicial gist and legal basis for the criminal guiding cases@zeng |
| 606 | 0 | @a刑事诉讼法@AXing Shi Su Song Fa@x裁定@x案例@y中国 |
| 606 | 0 | @a裁定@ACai Ding |
| 606 | 0 | @a案例@AAn Li |
| 606 | 0 | @a中国@AZhong Guo |
| 690 | @aD925.285@v5 | |
| 701 | 0 | @a万应君@AWan Ying Jun@4编著 |
| 801 | 0 | @aCN@bTANGWEI@c20160811 |
| 905 | @b0892739-42@dD925.285@e603@f4 | |
| 刑事指导案例裁判要旨与法律依据=Judicial gist and legal basis for the criminal guiding cases/万应君编著.-北京:法律出版社,2014.11 |
| 723页;26cm |
| ISBN 978-7-5118-7076-6:CNY98.00 |
| 本书内容包括两大部分:一部分是刑事指导性案例的索引与提要,包括最高人民法院和最高人民检察院截至目前所发布的全部刑事指导案例、近年来最高人民法院公报中的刑事案例,以及《刑事审判参考》1-90集中所有案例;另一部分是我国现行的刑法典和刑事诉讼法典的完整条文。 |
| ● |
| 相关链接 |
|
|
|
|
正题名:刑事指导案例裁判要旨与法律依据
索取号:D925.285/603
 
预约/预借
| 序号 | 登录号 | 条形码 | 馆藏地/架位号 | 状态 | 备注 |
| 1 | 0892739 | 208927394 | 第一样本阅览室/ [索取号:D925.285/603] | 在馆 | |
| 2 | 0892740 | 208927401 | 第一借阅区/ [索取号:D925.285/603] | 在馆 | |
| 3 | 0892741 | 208927410 | 史法系资料室/ [索取号:D925.285/603] | 在馆 | |
| 4 | 0892742 | 208927429 | 第一借阅区/ [索取号:D925.285/603] | 在馆 |